[Event "Hoogeveen op 25th"]
[Site "Hoogeveen"]
[Date "2022.10.18"]
[Round "4"]
[White "Mensing, Adrian"]
[Black "Mueer, Sebastian"]
[Result "0-1"]
[WhiteElo "2000"]
[BlackElo "2177"]
[PlyCount "94"]
[EventDate "2022.10.15"]
[EventType "swiss"]
[EventRounds "9"]
[EventCountry "NED"]
[SourceTitle "CBM 210 Extra"]
[Source "ChessBase"]
[SourceDate "2022.11.30"]
[SourceVersion "1"]
[SourceVersionDate "2022.11.30"]
[SourceQuality "1"]

1. d4 Nf6 2. c4 g6 3. g3 Bg7 4. Bg2 d6 5. Nc3 0-0 6. Nf3 Nc6 7. 0-0 e5 8. dxe5 Nxe5 9. Nxe5 dxe5 10. Bg5 Qxd1 11. Raxd1 c6 12. Rd2 Be6 13. b3 h6 14. Bxf6 Bxf6 15. Ne4 Be7 16. Rfd1 Bb4 17. Rd3 f5 18. Bh3 Kf7 19. Nd6+ Ke7 20. Nxb7 e4 21. Re3 a5 22. f3 Ra7 23. fxe4 Rxb7 24. Rf3 Bc5+ 25. Kh1 Rd7 26. Rdf1 Rd2 27. exf5 gxf5 28. Bxf5 Rxe2 29. g4 Rd8 30. Bxe6 Rdd2 31. Rh3 Rxe6 32. Rh5 Be3 33. Rhf5 Bg5 34. R1f2 Rxf2 35. Rxf2 Rd6 36. Re2+ Kd7 37. Re1 Rd2 38. a3 Rb2 39. Rd1+ Ke6 40. Rd3 Ke5 41. h3 Ke4 42. Rd6 Kf3 43. Rd3+ Be3 44. h4 Kf2 45. g5 Rb1+ 46. Kh2 Bf4+ 47. Kh3 h5 0-1

[Event "Hoogeveen op 25th"]
[Site "Hoogeveen"]
[Date "2022.10.16"]
[Round "2"]
[White "Hari, Charan Sai Kalluri"]
[Black "Mueer, Sebastian"]
[Result "1-0"]
[WhiteElo "1981"]
[BlackElo "2177"]
[PlyCount "121"]
[EventDate "2022.10.15"]
[EventType "swiss"]
[EventRounds "9"]
[EventCountry "NED"]
[SourceTitle "CBM 210 Extra"]
[Source "ChessBase"]
[SourceDate "2022.11.30"]
[SourceVersion "1"]
[SourceVersionDate "2022.11.30"]
[SourceQuality "1"]

1. d4 Nf6 2. c4 e6 3. Nf3 d5 4. g3 dxc4 5. Bg2 Bb4+ 6. Bd2 a5 7. a3 Bxd2+ 8. Nbxd2 b5 9. b3 cxb3 10. Qxb3 c6 11. 0-0 0-0 12. Rfc1 a4 13. Qb2 Bb7 14. Ne5 Nd5 15. e4 Nb6 16. Rc2 Qe7 17. Rac1 Rd8 18. Nd3 N8d7 19. Nb4 Nb8 20. e5 Nd5 21. Ne4 Nxb4 22. axb4 a3 23. Qc3 Na6 24. Nd6 Rxd6 25. exd6 Qxd6 26. Rb1 Nxb4 27. Rd2 Nd5 28. Qb3 h6 29. Ra2 Ra4 30. Rba1 Nb6 31. Rxa3 Qxd4 32. h4 Rb4 33. Qf3 Ra4 34. Rd1 Rxa3 35. Rxd4 Rxf3 36. Rd8+ Kh7 37. Bxf3 Nc4 38. g4 Kg6 39. Be4+ Kf6 40. Rd7 Na5 41. f4 g6 42. g5+ hxg5 43. fxg5+ Kg7 44. Kf2 b4 45. Ke1 b3 46. Kd1 e5 47. h5 gxh5 48. g6 b2 49. Rxf7+ Kg8 50. Kc2 Nc4 51. Rxb7 b1Q+ 52. Rxb1 Na3+ 53. Kd2 Nxb1+ 54. Bxb1 Kg7 55. Ke2 c5 56. Kf2 c4 57. Kg3 c3 58. Kh4 Kf6 59. Kxh5 Ke6 60. g7 Kf7 61. Kh6 1-0